000 00360nam a2200157Ia 4500
003 Ost
005 20260225132541.0
008 260225s9999||||xx |||||||||||||| ||und||
040 _cfsic
041 _afre
082 _a153
100 _adan sperber
_eAuteur
245 0 _ala pertinence commuction et cognition /
245 0 _cdan sperber
942 _cكتاب
999 _c33512
_d33512